000 00699nam a2200205 i 4500
001 104083
003 ES-MaACL
005 20250901062534.0
007 t|
008 051123s1960 an ||||1| spa d
100 1 _aMichel, Jean.
_980899
245 1 0 _aLey, falta y perdón /
_cCanónigo Jean Michel; [versión española de A. Segarra].
260 _aAndorra :
_bCasal i Vall,
_c1960.
300 _a155 p. ;
_c18 cm.
490 1 _aYo sé, yo creo : enciclopedia del católico en el siglo XX
700 1 _aSegarra, Antonio.
_9105115
830 0 0 _aYo sé, yo creo: enciclopedia del católico del siglo XX
_9186579
852 _aES-MaACL
_jC-18996
_bR.46665
999 _c104083
_d104083